Unstable Afghanistan and Central Asian Republics after 2014

Postsovietske republiky strednej Ázie a Afganistan a vybrané problémy vzťahov medzi nimi. Návrh regionálneho prístupu k riešeniam. Faktor klanového usporiadania spoločnosti. Očakávaný vývoj vzťahov po r. 2014.

Gespeichert in:
Bibliographische Detailangaben
1. Verfasser: Čech, Ľubomír, 1955-
Format: Buchkapitel
Sprache:Englisch
Schlagworte:
Tags: Tag hinzufügen
Keine Tags, Fügen Sie das erste Tag hinzu!

MARC

LEADER 00000nla a2200000 4500
001 0195266
005 20240502083454.3
041 0 |a eng 
044 |a GB 
245 1 0 |a Unstable Afghanistan and Central Asian Republics after 2014  |c Ľubomír Čech 
520 |a Postsovietske republiky strednej Ázie a Afganistan a vybrané problémy vzťahov medzi nimi. Návrh regionálneho prístupu k riešeniam. Faktor klanového usporiadania spoločnosti. Očakávaný vývoj vzťahov po r. 2014. 
610 2 0 |a stredná Ázia 
610 2 0 |a Afganistan 
610 2 0 |a vzťahy medzinárodné 
610 2 0 |a bezpečnosť 
610 2 0 |a regióny administratívne 
610 2 0 |a spolupráca regionálna 
610 2 0 |a drogy 
100 1 |a Čech, Ľubomír, 1955-